5HLuxD.jpg

KING HENRY VIII SENIOR AND PRIMARY SCHOOL LIBRARY OPAC

The song of the dinosaurs / (Record no. 3114)

000 -LEADER
fixed length control field 00938cam a2200265 a 4500
001 - CONTROL NUMBER
control field 563172
003 - CONTROL NUMBER IDENTIFIER
control field OSt
005 - DATE AND TIME OF LATEST TRANSACTION
control field 20231016110527.0
008 - FIXED-LENGTH DATA ELEMENTS--GENERAL INFORMATION
fixed length control field 210519s2018 enka ab 000 1 eng d
020 ## - INTERNATIONAL STANDARD BOOK NUMBER
International Standard Book Number 9781848577992
Qualifying information (hbk.) :
040 ## - CATALOGING SOURCE
Original cataloging agency NTUT
Language of cataloging eng
Description conventions AACR2
Transcribing agency KH8
041 0# - LANGUAGE CODE
Language code of text/sound track or separate title eng
042 ## - AUTHENTICATION CODE
Authentication code nbic
082 0# - DEWEY DECIMAL CLASSIFICATION NUMBER
Classification number 823.92 HEG
100 1# - MAIN ENTRY--PERSONAL NAME
Personal name Hegarty, Patricia.
Relator term Author
245 14 - TITLE STATEMENT
Title The song of the dinosaurs /
Statement of responsibility, etc. Patricia Hegarty ; illustrations by Thomas Hegbrook.
246 14 - VARYING FORM OF TITLE
Title proper/short title The song of the dinosaurs :
Remainder of title a prehistoric peek-through book.
260 ## - PUBLICATION, DISTRIBUTION, ETC.
Place of publication, distribution, etc. London :
Name of publisher, distributor, etc. Caterpillar Books,
Date of publication, distribution, etc. 2018.
300 ## - PHYSICAL DESCRIPTION
Extent 1 v. :
Other physical details col. ill. ;
Dimensions 28 cm.
520 ## - SUMMARY, ETC.
Summary, etc. This beautiful die-cut book takes a journey back through time to discover a world where the land, skies and seas were ruled by the dinosaurs.
650 #0 - SUBJECT ADDED ENTRY--TOPICAL TERM
Topical term or geographic name entry element Dinosaurs
Form subdivision Juvenile fiction.
650 #0 - SUBJECT ADDED ENTRY--TOPICAL TERM
Topical term or geographic name entry element Children's stories.
700 1# - ADDED ENTRY--PERSONAL NAME
Personal name Hegbrook, Thomas.
Relator term Author
942 ## - ADDED ENTRY ELEMENTS (KOHA)
Source of classification or shelving scheme
Koha item type Books - Fiction
Holdings
Withdrawn status Lost status Source of classification or shelving scheme Damaged status Not for loan Collection code Permanent Location Current Location Shelving location Date acquired Total Checkouts Total Renewals Full call number Barcode Date last seen Date last checked out Price effective from Koha item type
          Fiction KH8 Primary School Library KH8 Primary School Library Non Fiction 2023-10-16 24 1 823.92 HEG KHPL000004320 2026-03-10 2026-03-03 2023-10-16 Books - Fiction

Powered By KH8 IT Dept